University Home | Library Home | Institutional Repository

Micromanometric analyses / (Record no. 42437)

MARC details
000 -LEADER
fixed length control field 01015cam5a220028900 4500
001 - CONTROL NUMBER
control field qce01136226
005 - DATE AND TIME OF LATEST TRANSACTION
control field 20190813172407.0
008 - FIXED-LENGTH DATA ELEMENTS--GENERAL INFORMATION
fixed length control field 760218s1961 mdua b 000 0 eng
010 ## - LIBRARY OF CONGRESS CONTROL NUMBER
LC control number 61016525
035 ## - SYSTEM CONTROL NUMBER
System control number (Sirsi) r66915
035 ## - SYSTEM CONTROL NUMBER
System control number (QCAT)lss01176846
035 ## - SYSTEM CONTROL NUMBER
System control number (UPRA)qce01136226
040 ## - CATALOGING SOURCE
Modifying agency UPRA
050 ## - LIBRARY OF CONGRESS CALL NUMBER
Classification number RB40
Item number .V25
082 ## - DEWEY DECIMAL CLASSIFICATION NUMBER
Classification number 616.07561
100 1# - MAIN ENTRY--PERSONAL NAME
Personal name Van Slyke, Donald Dexter, 1883-
Dates associated with a name Van Slyke, Donald Dexter, 1883-
Linkage A27492.1
245 10 - TITLE STATEMENT
Title Micromanometric analyses /
Statement of responsibility, etc. Donald D. Van Slyke and John Plazin.
260 ## - PUBLICATION, DISTRIBUTION, ETC.
Place of publication, distribution, etc. Baltimore :
Name of publisher, distributor, etc. Williams & Wilkins,
Date of publication, distribution, etc. 1961.
504 ## - BIBLIOGRAPHY, ETC. NOTE
Bibliography, etc. note Includes bibliographical references.
650 #2 - SUBJECT ADDED ENTRY--TOPICAL TERM
Topical term or geographic name entry element Blood Chemical Analysis.
Linkage S19902.1
650 #2 - SUBJECT ADDED ENTRY--TOPICAL TERM
Topical term or geographic name entry element Manometry.
Linkage S19903.1
650 #0 - SUBJECT ADDED ENTRY--TOPICAL TERM
Topical term or geographic name entry element Clinical chemistry -- Laboratory manuals.
General subdivision Clinical chemistry -- Laboratory manuals.
Linkage S7121.1
700 1# - ADDED ENTRY--PERSONAL NAME
Personal name Plazin, John.
Linkage A27493.1
949 ## - LOCAL PROCESSING INFORMATION (OCLC)
a RB40
w LC
i -89550
m MEDICAL
t BOOK
l ON-SHELF
949 ## - LOCAL PROCESSING INFORMATION (OCLC)
a RB40
w LC
i -89551
m MEDICAL
t BOOK
l ON-SHELF
Holdings
Withdrawn status Lost status Source of classification or shelving scheme Damaged status Not for loan Home library Current library Shelving location Total Checkouts Full call number Barcode Date last seen Copy number Price effective from Koha item type
    Library of Congress Classification     Medical Library Medical Library On Shelf   RB40 -89550 08/13/2019 1 08/13/2019 Book
    Library of Congress Classification     Medical Library Medical Library On Shelf   RB40 -89551 08/13/2019 2 08/13/2019 Book
© 2026 - The University of Zambia Library - Koha v25.11